| 000 | 01126 a2200193 4500 | ||
|---|---|---|---|
| 001 | 46443 | ||
| 005 | 20260407155735.0 | ||
| 008 | 260407a1970 arg spa d | ||
| 003 | AR-UNSa-BCEJYS | ||
| 040 |
_aAR-UNSa-BCEJYS _bspa _cAR-UNSa-BCEJYS |
||
| 080 |
_a658.115 _xEmpresas públicas, estatales y nacionalizadas (Economía) |
||
| 245 | 1 | 0 |
_aLas empresas del estado en la República Argentina _paspectos normativos y económico-financieros en el Estado Moderno |
| 264 | 1 |
_aBuenos Aires : _bEdiciones Macchi _c1970 |
|
| 300 |
_a256 p. _c23 cm. |
||
| 505 | _a1. Los fines y las funciones del Estado – 2. El rol de la empresa pública en las sociedades industriales del mundo occidental – 3. La empresa pública en países en desarrollo – 4. Aspectos económicos, financieros y operativos de la actividad empresaria del Estado en la República Argentina – 5. Las empresas del Estado en la Argentina : Aspectos jurídicos y administrativos – 6. Perspectivas que ofrece el régimen de empresas del Estado en la Argentina. | ||
| 942 | _cBK | ||
| 590 | _aniveau_biblio:m niveau_hierar:0 | ||
| 100 | 1 | _aForino, Sabatino A. | |
| 999 |
_c4197 _d4197 |
||